| 000 | 01315camaa22003491i 4500 | ||
|---|---|---|---|
| 001 | 11866683 | ||
| 003 | EG-GICUC | ||
| 005 | 20260514134809.0 | ||
| 008 | 991213s2000 caua jrb 001 0 eng | ||
| 010 | _a 99087609 | ||
| 020 | _a1886411360 | ||
| 020 | _a9781886411364 | ||
| 040 |
_aDLC _cDLC _dDLC _dEG-GICUC _beng _erda |
||
| 082 | 0 | 0 |
_a005.2/762 _221 _bT33 |
| 092 | 0 | 4 |
_221 _a005.2/762 _bT33 |
| 099 | _a005.2/762 T33 | ||
| 100 | 1 |
_aThau. _eAuthor. |
|
| 245 | 1 | 4 |
_aThe book of JavaScript : _ba practical guide to interactive Web pages / _cThau. |
| 264 |
_aSan Francisco, Calif. : _bNo Starch Press, _c2000. |
||
| 300 |
_axix, 397 page. : _billustration ; _c24 cm. + _e1 computer laser optical disc (4 3/4 in.) |
||
| 336 |
_atext _btxt _2rdacontent |
||
| 337 |
_aunmediated _bn _2rdamedia |
||
| 338 |
_avolume _bnc _2rdacarrier |
||
| 500 | _aIncludes index. | ||
| 504 | _aBibliography: pages 379-397. | ||
| 541 |
_aوزارة الثقافة ؛ _bالقاهرة ؛ _cإهداء ؛ _d2023. |
||
| 650 | 0 | _aJavaScript (Computer program language) | |
| 856 | 4 | 2 |
_3Publisher description _uhttp://www.loc.gov/catdir/enhancements/fy0716/99087609-d.html |
| 856 | 4 | 2 |
_3Contributor biographical information _uhttp://www.loc.gov/catdir/enhancements/fy0913/99087609-b.html |
| 905 | _aSamah | ||
| 942 |
_2ddc _cBK _e21 _n0 |
||
| 999 |
_c180138 _d180138 |
||